Liste rhetorischer Stilmittel - Statistiken

Allgemein
  • Dieses Quiz wurde 177 mal gespielt
    164 seit der letzten Aktualisierung
  • Das Durchschnittsergebnis liegt bei 16 aus 71
Antwortstatistiken
Tipp bzw. Beschreibung Stilmittel % Korrekt
Wiederholung des Anfangslauts benachbarter Wörter Alliteration
94%
Wiederholung desselben Wortes oder Satzes zu Beginn aufeinanderfolgender Sätze oder Verse Anapher
91%
Bildlicher Ausdruck (z. B. „Baumkrone“) Metapher
90%
Starke Übertreibung Hyperbel
62%
Steigerung in drei Stufen Klimax
59%
Vergleich mit „wie“ oder „als“ Vergleich
54%
Frage, auf die keine Antwort erwartet wird Rhetorische Frage
53%
Wortneuschöpfung Neologismus
48%
Verbindung widersprüchlicher Begriffe (z. B. „bittere Süße“) Oxymoron
47%
Auslassung eines Satzteils oder Wortes Ellipse
46%
Zeichen oder Gegenstand, das für eine abstrakte Idee steht Symbol
46%
Parallele Anordnung von Satzgliedern oder Sätzen Parallelismus
44%
Verdeckte Kritik, bei der das Gegenteil des Gemeinten gesagt wird Ironie
41%
Gegenüberstellung gegensätzlicher Begriffe oder Gedanken Antithese
40%
Überkreuzstellung von Satzgliedern (z. B. „Ich schlafe am Tag, in der Nacht wache ich.“) Chiasmus
39%
Vermenschlichung eines Gegenstands oder einer Idee Personifikation
38%
Beschönigende Umschreibung Euphemismus
37%
Wiederholung desselben Wortes am Ende aufeinanderfolgender Sätze oder Verse Epipher
34%
Lautmalerei (z. B. „miau“) Onomatopoesie
34%
Abfallende Steigerung (z. B. „Doktor, Magister, Schreiber“) Antiklimax
28%
Bildhafte Darstellung abstrakter Begriffe durch konkrete Symbole Allegorie
25%
Komplexer Satzbau mit vielen Nebensätzen Hypotaxe
25%
Scheinbar widersprüchliche Aussage, die eine tiefere Wahrheit enthält Paradoxon
25%
Beißender, verletzender Spott Sarkasmus
25%
Zeilensprung in Gedichten, bei dem ein Satz über das Versende hinausgeht Enjambement
24%
Satzbau mit nebengeordneten Sätzen Parataxe
24%
Häufung von Begriffen zu einem Oberthema (z. B. „Sonne, Mond und Sterne“) Akkumulation
23%
Überflüssige Wiederholung (z. B. „weißer Schimmel“) Pleonasmus
22%
Korrektur einer zu schwachen Aussage Correctio
21%
Umkehrung der geläufigen Wortstellung im Satz Inversion
21%
Untertreibung durch doppelte Verneinung oder Abschwächung Litotes
20%
Aufzählung ohne Konjunktionen (z. B. „Ich kam, sah, siegte.“) Asyndeton
18%
Wiederholung eines Wortes oder Satzes zur Verstärkung Repetitio
18%
Höchste Steigerungsform (z. B. „am schnellsten“) Superlativ
17%
Wort oder Satz, das/das von vorne und hinten gleich gelesen werden kann Palindrom
15%
Ein Teil steht für das Ganze (z. B. „Dach“ für „Haus“) Pars pro toto
14%
Häufung von gleichbedeutenden Wörtern (z. B. „nie und nimmer“) Tautologie
14%
Dreigliedrige Aufzählung oder Satzstruktur Trikolon
14%
Verkleinerungsform (z. B. „Häuschen“ für „Haus“) Diminutiv
13%
Aufzählung mehrerer Begriffe hintereinander Enumeration
13%
Ausruf oder Gefühlsausdruck Interjektion
11%
Vergleichsform (z. B. „schneller“) Komparativ
11%
Überraschender oder witziger Schluss Pointe
11%
Verbindung unterschiedlicher Sinneseindrücke Synästhesie
11%
Boshaftigkeit durch Ironie oder Zynismus, oft abwertend Zynismus
11%
Verknüpfung zweier Begriffe durch „und“ (z. B. „Friede und Freude“) Hendiadyoin
10%
Nichtssagende, oberflächliche Redewendung Floskel
9%
Ersetzung eines Begriffs durch einen in enger Beziehung stehenden Begriff (z. B. „Kreml“ für „russische Regierung“) Metonymie
9%
Lautmalerei, die das Geräusch nachahmt (z. B. „Kuckuck“) Lautmalerei
8%
Rätselhafte, schwer verständliche Metapher Chiffre
7%
Umstellung der normalen Wortfolge im Satz Hyperbaton
7%
Umschreibung eines Begriffs Paraphrase
7%
Umschreibung einer Person oder Sache Periphrase
7%
Nachdrückliche Betonung eines Wortes oder Satzes Emphase
6%
Ein Teil steht für das Ganze oder umgekehrt Synekdoche
6%
Absichtliche Abschwächung Untertreibung
6%
Abwechslung im Ausdruck, um Eintönigkeit zu vermeiden Variatio
6%
Sprachliches Spiel mit Doppeldeutigkeit oder Klangähnlichkeit Wortspiel
6%
Wiederholung desselben Wortes in anderer Bedeutung Diaphora
5%
die [suggestive] Erweckung von Vorstellungen oder Erlebnissen (zum Beispiel durch ein Kunstwerk, seine Formen und Inhalte) Evokation
5%
Vergleich mit „wie“ oder „als“ Gleichnis
5%
Vorgetäuschte Definition eines Begriffs Scheindefinition
5%
Alliteration, bei der die Anfangsbuchstaben gleich sind Stabreim
5%
Übersteigerung eines Ausdrucks Übersteigerung
5%
Verbindung nicht zusammengehöriger Satzglieder Zeugma
5%
Vorwegnahme eines Ereignisses oder einer Aussage Antizipation
3%
Unmittelbare Wiederholung eines Wortes oder Satzes Geminatio
3%
Anrufung von Göttern oder Heiligen Invokation
3%
Überflüssige Information, die den Inhalt nicht erweitert Redundanz
3%
Veranschaulichende Darstellung eines Sachverhalts Evidenz
2%
Frage, auf die man die Antwort gleich selbst gibt Hypophora
1%
Keine übereinstimmenden Quizze gefunden
Verteilung der Resultate
Anzahl Personen mit jedem Resultat
Perzentil nach korrekt beantworteten Fragen
Ihre Resultats-Entwicklung
Sie haben dieses Quiz seit der letzten Aktualisierung nicht gespielt